Information appliances and beyond : Interaction design for consumer products /
Guardado en:
| Autor Principal: | |
|---|---|
| Formato: | Libro |
| Idioma: | Undetermined |
| Publicado: |
San Francisco :
Morgan Kaufmann Publishers,
c2000.
|
| Series: | Morgan Kaufmann series interactive technologies
|
| Materias: | |
| Acceso en línea: | http://www://www.loc.gov/catdir/description/els031/00022966.html |
| Etiquetas: |
Agregar Etiqueta
Sin Etiquetas, Sea el primero en etiquetar este registro!
|
| LEADER | 00812nam a22002055a 4500 | ||
|---|---|---|---|
| 001 | DCC.dcic000898 | ||
| 008 | 130320s2000####xx#######b####000#0#und#d | ||
| 005 | 20151125142145.0 | ||
| 245 | 1 | 0 | |a Information appliances and beyond : |b Interaction design for consumer products / |c edited by Eric Bergman. |
| 260 | |a San Francisco : |b Morgan Kaufmann Publishers, |c c2000. | ||
| 300 | |a xiii, 385 p. : |b ill ; |c 23 cm. | ||
| 490 | 1 | |a Morgan Kaufmann series interactive technologies | |
| 504 | |a Includes bibliographical references and index. | ||
| 020 | |a 1558606009 | ||
| 100 | 1 | |a Bergman, Eric, |d 1962. | |
| 082 | 0 | 4 | |a 004/.01/9 |2 21 |
| 650 | 7 | |a User interfaces (Computer systems) | |
| 650 | 7 | |a Human-computer interction | |
| 856 | |u http://www://www.loc.gov/catdir/description/els031/00022966.html | ||
| 859 | |a DCIC |b BIB. COMPUTACION |p 1534 | ||
